| 000 | 00567nam a2200193Ia 4500 | ||
|---|---|---|---|
| 003 | IN-BaIIA | ||
| 008 | 211028s9999 xx 000 0 eng d | ||
| 040 | _cIIA Library | ||
| 080 |
_a537 _bKIN |
||
| 100 |
_aKing, Ronold W. P _92240 |
||
| 245 | 0 |
_aTransmission-line theory _cRonald W. P. King |
|
| 260 |
_aNew York, _bDover Publications _c1965 |
||
| 300 | _axii, 513p. | ||
| 490 | _aDover books on engineering and engineering physics | ||
| 650 |
_aElectric power transmission _93447 |
||
| 650 | _aNASA thesaurus | ||
| 650 |
_aTransmission lines _92177 |
||
| 942 | _cBK | ||
| 999 |
_c3942 _d3942 |
||